000 00537nam a2200169 a 4500
001 000024115
005 20200930022730.0
008 110119s1985 dr ac 000 0 spa d
040 _aDO-SdBNP
_bspa
_cBNPHU
082 _axxx
_bI87
110 1 _aInstituto Nacional de Formación Técnico Profesional
_935749
245 1 0 _aBalance de actividades 1985.
260 _aSanto Domingo :
_bINFOTEC,
_c[1985].
300 _a86 P. :
_bil., retr. ;
_c21 c.
710 2 _aInstituto Nacional de Formación Técnico Profesional
_935749
049 _aBNPD
999 _c23610
_d23610